000 01480cam a22001934a 4500
005 20250605164242.0
008 250528s ||||||||||||||||||||||||d
035 _a21350
020 _a9789603518839
040 _aGR-AtMCL
_bgre
_dGR-AtMCL
_eAACR2
245 1 _aΕργασιακή Ψυχολογία / Νέες Προσεγγίσεις και Πρακτικές Παρέμβασεις
260 _bΣταμούλης Α,
_c2012
300 _a628
520 _aΤο παρόν βιβλίο πραγματεύεται τα αντικείμενα τεσσάρων βασικών αξόνων της Εργασιακής Ψυχολογίας: Ψυχολογία Προσωπικού, Ψυχολογία Οργανώσεων, Ψυχολογία Υγείας στο Εργασιακό Πλαίσιο, Εργονομία. Διαχείριση Σταδιοδρομίας, Η Επικοινωνία στις Επιχειρήσεις, Διαδικασίες Επιλογής Προσωπικού, Ανάλυση Εργασίας, Κινητοποίηση Προσωπικού, Διαπραγμάτευση, Ηγεσία, Εργασιακό Στρες, Ομαδική Λειτουργία και Ομαδικότητα, Επαγγελματική Ικανοποίηση, Διαχείριση Έργου, Ικανοποίηση Καταναλωτή, Βιβλιογραφία.
700 1 _aΓαλανακής Μιχάλης
_97408
942 _cBK
999 _c6415
_d6415